| 000 | 01427nam a2200361 a 4500 | ||
|---|---|---|---|
| 001 | 8938 | ||
| 003 | BD-DhEWU | ||
| 005 | 20190527141136.0 | ||
| 008 | 190527s2016 bg a g b 001 0 eng d | ||
| 010 | _a 2015362439 | ||
| 020 | _a9789849176213 (hardback) | ||
| 020 | _a9849176210 (hardback) | ||
| 025 | _aB-E-2015362439; 22-92 | ||
| 035 | _a(OCoLC)945650354 | ||
| 040 |
_aDKAGE _beng _erda _cDKAGE _dDLC _dBD-DhEWU |
||
| 041 | _aeng | ||
| 050 | 0 | 0 |
_aLG115 _b.U65 2016 |
| 082 | 0 | 4 |
_a378.5492 _223 _bUNI 2016 |
| 245 | 0 | 0 |
_aUniversity of Dhaka : _bmaking, unmaking, remaking / _cedited by Imtiaz Ahmed and Iftekhar Iqbal. |
| 246 |
_aঢাকা বিশ্ববিদ্যালয় : _bনতুন যুগের সন্ধানে |
||
| 260 |
_aDhaka : _bProthoma Prokashan, _c2016. |
||
| 300 |
_a335 pages, 1 unnumbered page : _billustrations (black and white) ; _c22 cm |
||
| 500 | _aavailable in English and Bengali both languages | ||
| 504 | _aIncludes bibliographical references and index. | ||
| 526 | _aLibrary | ||
| 590 | _aSagar Shahanawaz | ||
| 650 | 0 |
_aEducation, Higher _zBangladesh _xHistory. _924496 |
|
| 700 | 1 |
_aAhmed, Imtiaz, _d1958- _eeditor. _924497 |
|
| 700 | 1 |
_aIqbal, Iftekhar, _eeditor. _924498 |
|
| 856 | 4 | 2 |
_3WorldCat Details _uhttps://www.worldcat.org/title/university-of-dhaka-making-unmaking-remaking/oclc/945650354&referer=brief_results |
| 942 |
_2ddc _cTEXT |
||
| 999 |
_c8938 _d8938 |
||
| 999 |
_c8938 _d8938 |
||